[Event "20th Voronezh Master Open"]
[Site "Voronezh RUS"]
[Date "2016.06.15"]
[Round "4.2"]
[White "Nozdrachev, Leonid"]
[Black "Zakhartsov, Viacheslav V."]
[Result "1/2-1/2"]
[WhiteTitle "FM"]
[BlackTitle "GM"]
[WhiteElo "2402"]
[BlackElo "2531"]
[WhiteFideId "24113433"]
[BlackFideId "4115333"]
[EventDate "2016.06.12"]

1. d4 Nf6 2. c4 e6 3. Nc3 Bb4 4. e3 O-O 5. Bd3 d5 6. Nf3 c5 7. O-O Nc6 8. dxc5
dxc4 9. Bxc4 Bxc5 10. a3 a6 11. b4 Be7 12. Bb2 b5 13. Bd3 Bb7 14. Ne4 Rc8 15.
Rc1 Nxe4 16. Bxe4 Qxd1 17. Rfxd1 Rfd8 18. g4 Rxd1+ 19. Rxd1 Rc7 20. Kf1 h6 21.
h4 Kf8 22. h5 Na7 23. Bxb7 Rxb7 24. Rc1 Bf6 25. Bxf6 gxf6 26. Nd4 Ke7 27. f4 Rd7
28. Ke2 Kf8 29. Kf3 Kg7 30. Rc5 Kg8 31. Ke4 Kg7 32. Rc1 Kg8 33. Rc2 Kg7 34. Rc5
Kh7 35. f5 e5 36. Ne2 Kg7 37. Nc3 Rd8 38. Nd5 Nc8 39. Rc6 Nd6+ 40. Kf3 Nc4 41.
Nxf6 Rd3 42. g5 hxg5 43. Ng4 Rxa3 44. h6+ Kh7 45. Rc7 Nd6 46. Nxe5 Ra1 47. Nxf7
Nxf5 48. Nd6+ Kg6 49. Nxf5 Kxf5 50. Rc5+ Kg6 51. Rc6+ Kh7 52. Kg4 Rg1+ 53. Kh5
Rh1+ 54. Kxg5 Rg1+ 55. Kh5 Rh1+ 56. Kg5 Rg1+ 57. Kf5 Rf1+ 58. Ke5 Rb1 59. e4
Rxb4 60. Rxa6 Rb1 61. Rb6 b4 62. Kd4 b3 63. Kd3 b2 64. Kd2 Ra1 65. Rxb2 Kxh6 66.
Kc3 Kg6 67. Rf2 Ra3+ 68. Kd4 Ra4+ 69. Kd5 Ra5+ 70. Kd4 Ra4+ 71. Kd5 Ra5+ 72. Kc6
Ra6+ 1/2-1/2

[Event "20th Voronezh Master Open"]
[Site "Voronezh RUS"]
[Date "2016.06.15"]
[Round "4.3"]
[White "Gordievsky, Dmitry"]
[Black "Khusenkhojaev, Muhammad"]
[Result "1-0"]
[WhiteTitle "IM"]
[BlackTitle "IM"]
[WhiteElo "2523"]
[BlackElo "2419"]
[WhiteFideId "24112798"]
[BlackFideId "14700247"]
[EventDate "2016.06.12"]

1. Nf3 Nf6 2. c4 g6 3. d4 c6 4. Nc3 d5 5. cxd5 cxd5 6. Bf4 Bg7 7. e3 O-O 8. Bd3
Nc6 9. h3 Bf5 10. Bxf5 gxf5 11. Ne5 Rc8 12. g4 Ne4 13. Nxc6 Rxc6 14. gxf5 Nxc3 1-0

[Event "20th Voronezh Master Open"]
[Site "Voronezh RUS"]
[Date "2016.06.15"]
[Round "4.4"]
[White "Murtazin, Bulat"]
[Black "Volkov, Sergey"]
[Result "0-1"]
[WhiteTitle "FM"]
[BlackTitle "GM"]
[WhiteElo "2335"]
[BlackElo "2604"]
[WhiteFideId "24151351"]
[BlackFideId "4122763"]
[EventDate "2016.06.12"]

1. d4 d5 2. c4 c6 3. Nc3 Nf6 4. cxd5 cxd5 5. Bf4 Nc6 6. e3 Bg4 7. f3 Bd7 8. Bd3
e6 9. g4 Nb4 10. Bb1 Rc8 11. Nge2 Qb6 12. a3 Na6 13. Bd3 Bd6 14. Na4 Bxa4 15.
Qxa4+ Ke7 16. Kf2 Bxf4 17. Nxf4 Nb8 18. Be2 Ne8 19. Rac1 Nd6 20. b4 a6 21. Rc5
g5 22. Nh5 h6 23. h4 Nd7 24. Qd1 Qd8 25. Rxc8 Qxc8 26. Ng3 b5 27. a4 Nb6 28.
axb5 axb5 29. Qa1 Qa8 30. Qa5 Nd7 31. Nf1 Qxa5 32. bxa5 Ra8 33. hxg5 hxg5 34.
Rh5 Nf6 35. Rh1 Rxa5 36. Nd2 Ra2 37. Nb3 b4 38. Rh8 Nb5 39. Ke1 Nc3 40. Bd3 Ne8
41. Nc5 Rb2 42. Na6 b3 43. Nc5 Na2 44. e4 Nb4 45. Bb5 Nc7 46. Ba4 Nc2+ 47. Kd2
Nxd4+ 48. Kc3 Rc2+ 49. Kxd4 Rc4+ 50. Kd3 Rxc5 51. Bxb3 Nb5 52. Ba4 dxe4+ 53.
fxe4 Nd6 54. Rg8 Kf6 55. Bd1 Nc4 56. Be2 Ne5+ 57. Ke3 Rc3+ 58. Kf2 Ng6 59. Ra8
Ke5 60. Ra7 f6 61. Ra6 Nf4 62. Bf3 Nd3+ 63. Ke2 Nc5 64. Rc6 Kf4 65. Bh1 Nxe4 66.
Rxe6 Re3+ 0-1

[Event "20th Voronezh Master Open"]
[Site "Voronezh RUS"]
[Date "2016.06.15"]
[Round "4.5"]
[White "Bocharov, Dmitry"]
[Black "Belyakov, Bogdan"]
[Result "1-0"]
[WhiteTitle "GM"]
[BlackTitle "IM"]
[WhiteElo "2602"]
[BlackElo "2495"]
[WhiteFideId "4138716"]
[BlackFideId "24104795"]
[EventDate "2016.06.12"]

1. d4 Nf6 2. c4 g6 3. f3 Bg7 4. e4 d6 5. Be3 O-O 6. Ne2 a6 7. Qd2 Nc6 8. Na3 Bd7
9. g3 e5 10. d5 Ne7 11. Bg2 Ne8 12. g4 f5 13. g5 c6 14. Rc1 c5 15. b4 b6 16. Rb1
Nc8 17. h4 Rf7 18. Nc2 Qc7 19. O-O f4 20. Bf2 Qd8 21. Kh2 h6 22. gxh6 Bf6 23.
Qe1 Rh7 24. Rh1 Rxh6 25. Kg1 Ra7 26. Nc3 Rc7 27. Na3 Ng7 28. Kf1 Ne8 29. Ke2
cxb4 30. Rxb4 Rc5 31. Kd3 Ra5 32. Rb3 Kg7 33. Kc2 Qc7 34. Kb1 Qd8 35. Kb2 Be7
36. Nc2 Nf6 37. Bh3 Qc7 38. Qf1 Bxh3 39. Rxh3 Nd7 40. Nb4 Na7 41. Ka1 Rh8 42. h5
g5 43. Rh1 Nc5 44. Bxc5 Qxc5 45. Qh3 Qc8 46. h6+ Kh7 47. Qh5 Qe8 48. Qxe8 Rxe8
49. Nc6 Nxc6 50. dxc6 Bd8 51. Nd5 Rc5 52. c7 Rxc7 53. Rxb6 Rd7 54. Rxa6 Rg8 55.
Ra8 Rg6 56. Kb2 Rxh6 57. Rxh6+ Kxh6 58. Kc2 g4 59. fxg4 Kg5 60. Kd2 Kxg4 61. Ke2
Kg3 62. Kd3 Kf3 63. a4 Bh4 64. a5 Rb7 65. a6 Rb3+ 66. Kc2 Ra3 67. Nc3 Ra5 68.
Nb5 Ke2 69. Nc3+ Ke3 70. a7 Bf2 71. c5 Rxc5 72. Rd8 Be1 73. a8=Q Bxc3 74. Rxd6
Bd4+ 75. Kd1 Rc3 76. Rc6 Rd3+ 77. Kc2 f3 78. Qf8 Rd2+ 79. Kc1 Ra2 80. Rf6 f2 81.
Qh6+ Kxe4 82. Qg6+ Ke3 83. Qg3+ Ke2 84. Qf3+ 1-0

[Event "20th Voronezh Master Open"]
[Site "Voronezh RUS"]
[Date "2016.06.15"]
[Round "4.6"]
[White "Kharitonov, Alexandr"]
[Black "Levin, Evgeny A."]
[Result "1/2-1/2"]
[WhiteTitle "GM"]
[BlackTitle "GM"]
[WhiteElo "2571"]
[BlackElo "2493"]
[WhiteFideId "4135202"]
[BlackFideId "4182596"]
[EventDate "2016.06.12"]

1. d4 Nf6 2. c4 e6 3. Nc3 Bb4 4. Qc2 O-O 5. a3 Bxc3+ 6. Qxc3 b6 7. Bg5 Bb7 8. f3
h6 9. Bh4 d5 10. e3 Nbd7 11. cxd5 Nxd5 12. Bxd8 Nxc3 13. Bxc7 Nd5 14. Bd6 Nxe3
15. Kf2 Nc2 16. Rd1 Rfd8 17. Be7 Re8 18. Bh4 Nf6 19. Bb5 Rec8 20. Bxf6 gxf6 21.
Ne2 e5 22. dxe5 fxe5 23. Rd7 Bc6 24. Bxc6 Rxc6 25. Rhd1 a5 26. Re7 Rc5 27. Rdd7
Rf8 28. Rc7 Rd8 29. Rxc5 bxc5 30. Rxe5 Rb8 31. Rxc5 Rxb2 32. Rxa5 Nd4 33. Re5
Ra2 34. Re4 Nxe2 35. Rxe2 Rxa3 36. Kg3 Ra4 37. f4 Kg7 38. Kg4 Kg6 39. g3 Rb4 40.
Ra2 Rc4 41. Ra6+ Kg7 42. h3 Rb4 43. Ra3 Kg6 44. Kf3 h5 45. Ra6+ f6 46. Ra3 Kf5
47. Ra5+ Kg6 48. f5+ Kh6 49. Rd5 Rb3+ 50. Kf4 Rb4+ 51. Ke3 Kg5 52. Kf3 Rb3+ 53.
Ke4 1/2-1/2

[Event "20th Voronezh Master Open"]
[Site "Voronezh RUS"]
[Date "2016.06.15"]
[Round "4.7"]
[White "Rozum, Ivan"]
[Black "Shevchenko, Kirill"]
[Result "1-0"]
[WhiteTitle "GM"]
[BlackTitle "FM"]
[WhiteElo "2560"]
[BlackElo "2438"]
[WhiteFideId "24104272"]
[BlackFideId "14129574"]
[EventDate "2016.06.12"]

1. g3 Nf6 2. Bg2 d5 3. Nf3 e6 4. O-O c5 5. c4 dxc4 6. Na3 Nc6 7. Nxc4 Be7 8. b3
O-O 9. Bb2 Qc7 10. Nce5 Bd7 11. Rc1 Rfd8 12. Qc2 Nxe5 13. Bxe5 Qb6 14. Ng5 g6
15. Bxf6 Bxf6 16. Ne4 Be7 17. Nxc5 Bc6 18. Bxc6 Qxc6 19. Nd3 Qe4 20. Nf4 Qxc2
21. Rxc2 Ba3 22. Ng2 Rac8 23. Ne3 b5 24. Rd1 e5 25. g4 f6 26. Kg2 Kf7 27. Kf3
e4+ 28. Kg2 Ke6 29. d3 exd3 30. Rxc8 Rxc8 31. Rxd3 Bd6 32. a4 bxa4 33. bxa4 f5
34. gxf5+ gxf5 35. Nxf5 Rg8+ 36. Kh3 Bc5 37. Nd4+ Ke5 38. Nf3+ Ke6 39. e3 h5 40.
Nd2 Rg1 41. Ne4 Bb4 42. Ng3 h4 43. Ne2 Rf1 44. Rd4 a5 45. Nf4+ Kf5 46. Nd3 Be7
47. Kg2 Ra1 48. Kf3 Ra3 49. h3 Kf6 50. Kg4 Ra1 51. Kxh4 Rg1 52. Rg4 Kf5+ 53. Kh5 1-0

[Event "20th Voronezh Master Open"]
[Site "Voronezh RUS"]
[Date "2016.06.15"]
[Round "4.9"]
[White "Pavlov, Sergey2"]
[Black "Burmakin, Vladimir"]
[Result "1/2-1/2"]
[WhiteTitle "IM"]
[BlackTitle "GM"]
[WhiteElo "2456"]
[BlackElo "2543"]
[WhiteFideId "14114330"]
[BlackFideId "4105109"]
[EventDate "2016.06.12"]

1. c4 c6 2. e4 d5 3. exd5 cxd5 4. d4 Nf6 5. Nc3 g6 6. cxd5 Nxd5 7. Qb3 Nb6 8.
Bb5+ Bd7 9. Nf3 Bg7 10. Ne5 O-O 11. Nxd7 N8xd7 12. O-O Nf6 13. Rd1 Nbd5 14. Bc4
Nxc3 15. bxc3 Qc7 16. Be2 Rac8 17. c4 Rfd8 18. Be3 b6 19. Rac1 e6 20. Bf3 Qe7
21. g3 e5 22. dxe5 Rxd1+ 23. Rxd1 Qxe5 24. c5 bxc5 25. Qb7 Qf5 26. g4 Qe6 27. g5
Nh5 28. Rd7 Rf8 29. Qd5 Bd4 30. Qxe6 fxe6 31. Bxd4 cxd4 32. Bxh5 gxh5 33. Rxd4
Rf5 34. h4 Ra5 35. a4 Kg7 36. Kg2 h6 37. gxh6+ Kxh6 38. Rd6 Rxa4 39. Rxe6+ Kg7
40. Re5 Rxh4 1/2-1/2

[Event "20th Voronezh Master Open"]
[Site "Voronezh RUS"]
[Date "2016.06.15"]
[Round "4.10"]
[White "Chigaev, Maksim"]
[Black "Duzhakov, Ilya"]
[Result "1/2-1/2"]
[WhiteTitle "IM"]
[BlackTitle "FM"]
[WhiteElo "2542"]
[BlackElo "2397"]
[WhiteFideId "4108116"]
[BlackFideId "4192516"]
[EventDate "2016.06.12"]

1. d4 Nf6 2. Nf3 g6 3. g3 d5 4. Bg2 Bg7 5. O-O O-O 6. c3 Nbd7 7. Bf4 c6 8. Qc1
Re8 9. Nbd2 Nh5 10. Bg5 h6 11. Be3 Nhf6 12. h3 Kh7 13. c4 e5 14. dxe5 Nxe5 15.
Rd1 Qe7 16. cxd5 Nxd5 17. Bd4 Nxf3+ 18. Nxf3 Nc7 19. Bxg7 Kxg7 20. Nd2 Be6 21.
Qc3+ f6 22. Ne4 Bd5 23. Nc5 b6 24. e4 Nb5 25. Qe3 Bf7 26. Na4 c5 27. Nc3 Nd4 28.
Rd2 Rad8 29. Rad1 a5 30. b3 Rd6 31. f4 Qd7 32. Kh1 Qe7 33. Qf2 Rdd8 34. Na4 Qa7
35. Nc3 Qe7 36. Na4 Qa7 37. Nc3 Qe7 38. Na4 Qa7 39. Nc3 Qe7 40. Na4 Qa7 1/2-1/2

[Event "20th Voronezh Master Open"]
[Site "Voronezh RUS"]
[Date "2016.06.15"]
[Round "4.11"]
[White "Kokarev, Dmitry"]
[Black "Vignesh, N R"]
[Result "1/2-1/2"]
[WhiteTitle "GM"]
[BlackTitle "IM"]
[WhiteElo "2624"]
[BlackElo "2432"]
[WhiteFideId "4132181"]
[BlackFideId "25012215"]
[EventDate "2016.06.12"]

1. e4 e5 2. Nf3 Nc6 3. Bb5 a6 4. Ba4 d6 5. O-O Bd7 6. d4 Nxd4 7. Bxd7+ Qxd7 8.
Nxd4 exd4 9. Qxd4 Nf6 10. Nc3 Be7 11. b3 O-O 12. Bb2 Rfe8 13. Nd5 Rad8 14. f3 c6
15. Nf4 Bf8 16. Kh1 Qc7 17. Rae1 Qa5 18. Qf2 Nd7 19. a4 Qg5 20. Nd3 Ne5 21. Nc1
Nd7 22. f4 Qg6 23. f5 Qg5 24. Nd3 Ne5 25. h3 Nxd3 26. cxd3 Be7 27. d4 Qh5 28.
Kh2 c5 29. dxc5 dxc5 30. Qg3 Qg5 31. Qf3 Qd2 32. Bc3 Qd6+ 33. e5 Qd5 34. Qg4 f6
35. exf6 Bxf6 36. Bxf6 Qd6+ 37. Kh1 Qxf6 38. Qc4+ Qf7 39. Qxc5 Rxe1 40. Rxe1
Qxb3 41. a5 Rf8 42. Re5 h6 43. Kh2 Qf7 44. Qe3 Qd7 45. g4 Rd8 46. Re7 Qd6+ 47.
Kg2 Qd1 48. Qe6+ Kh8 49. Kg3 Qd2 50. Re8+ Rxe8 51. Qxe8+ Kh7 52. Qe4 Qc3+ 53.
Kg2 Qd2+ 54. Kf3 Qc3+ 55. Ke2 Qb2+ 56. Ke3 Qc1+ 57. Kd4 Qa1+ 58. Ke3 Qc1+ 59.
Kf3 Qc3+ 60. Kf2 Qd2+ 61. Kf3 Qc3+ 62. Kf2 Qd2+ 63. Kf3 Qd8 1/2-1/2

[Event "20th Voronezh Master Open"]
[Site "Voronezh RUS"]
[Date "2016.06.15"]
[Round "4.12"]
[White "Maletin, Pavel"]
[Black "Rodin, Dmitrij"]
[Result "1-0"]
[WhiteTitle "GM"]
[BlackTitle "FM"]
[WhiteElo "2579"]
[BlackElo "2371"]
[WhiteFideId "4146786"]
[BlackFideId "4127412"]
[EventDate "2016.06.12"]

1. c4 Nf6 2. g3 e6 3. Bg2 d5 4. Nf3 Be7 5. O-O O-O 6. d4 c6 7. Qc2 b6 8. b3 Nbd7
9. Rd1 Bb7 10. Nc3 Ba6 11. Bb2 b5 12. c5 b4 13. Nb1 Bb5 14. a4 Ba6 15. Ne1 Qb8
16. Nd3 Bd8 17. Nd2 Bc7 18. e4 dxe4 19. Nxe4 Nd5 20. Ng5 g6 21. Re1 Qd8 22. h4
Bxd3 23. Qxd3 a5 24. Re2 N7f6 25. Rae1 Re8 26. Bh3 Re7 27. Nf3 Rd7 28. Qc4 Nh5
29. Bc1 Qf6 30. Bg4 Qg7 31. Ng5 Nhf6 32. Bh3 Re7 33. Bd2 Ree8 34. Nf3 Red8 35.
Qc1 Nc3 36. Bh6 Nxe2+ 37. Rxe2 Qh8 38. Rxe6 Nd5 39. Rxc6 Re8 40. Qc4 Rad8 41.
Bg5 Qg7 42. Bxd8 Rxd8 43. Ng5 Bb8 44. Nxf7 Kxf7 45. Be6+ 1-0

[Event "20th Voronezh Master Open"]
[Site "Voronezh RUS"]
[Date "2016.06.15"]
[Round "4.13"]
[White "Korchmar, Vasiliy"]
[Black "Ponkratov, Pavel"]
[Result "0-1"]
[WhiteTitle "IM"]
[BlackTitle "GM"]
[WhiteElo "2434"]
[BlackElo "2573"]
[WhiteFideId "24131750"]
[BlackFideId "4157800"]
[EventDate "2016.06.12"]

1. d4 Nf6 2. c4 e6 3. g3 c5 4. d5 exd5 5. cxd5 d6 6. Nc3 g6 7. Nf3 Bg7 8. Bg2
O-O 9. O-O Re8 10. Bf4 Na6 11. Re1 Bf5 12. Nd2 Nh5 13. e4 Nxf4 14. gxf4 Bd7 15.
Nc4 Qh4 16. Qf3 Rad8 17. Qg3 Qe7 18. e5 dxe5 19. fxe5 b5 20. Nd6 Bxe5 21. Nxe8
Rxe8 22. Rxe5 Qxe5 23. Qxe5 Rxe5 24. f4 Re3 25. Bf1 c4 26. Kf2 Re8 27. a4 b4 28.
Nb5 Nc5 29. Bxc4 Re4 30. Nd6 Rxf4+ 31. Ke3 Rh4 32. a5 Kf8 33. Be2 Ke7 34. Nc4
Bb5 35. Rc1 Re4+ 0-1

[Event "20th Voronezh Master Open"]
[Site "Voronezh RUS"]
[Date "2016.06.15"]
[Round "4.14"]
[White "Yudin, Sergei"]
[Black "Praggnanandhaa, R"]
[Result "1-0"]
[WhiteTitle "GM"]
[BlackTitle "FM"]
[WhiteElo "2530"]
[BlackElo "2368"]
[WhiteFideId "4159659"]
[BlackFideId "25059530"]
[EventDate "2016.06.12"]

1. e4 e5 2. Nf3 Nc6 3. Bc4 Nf6 4. d3 Bc5 5. c3 a6 6. O-O Ba7 7. Bg5 d6 8. Nbd2
h6 9. Bh4 Qe7 10. Re1 g5 11. Bg3 h5 12. h4 g4 13. Nh2 Be6 14. Nhf1 O-O-O 15. Ne3
d5 16. exd5 Nxd5 17. Nxd5 Bxd5 18. Bxd5 Rxd5 19. Nc4 Qd8 20. Qe2 Rxd3 21. Nxe5
Nxe5 22. Qxe5 Bb6 23. a4 Kb8 24. a5 Ba7 25. Kh2 Rd5 26. Rad1 Rxd1 27. Rxd1 Qc8
28. Rd7 Re8 29. Qd5 Ka8 30. Rxc7 Qb8 31. Rxf7 Qc8 32. Rc7 Qb8 33. Rc5 Qd8 34.
Qxd8+ Rxd8 35. Rxh5 Bb8 36. Rf5 Bxg3+ 37. Kxg3 Rd2 38. h5 Rxb2 39. h6 Rd2 40. h7
Rd3+ 41. Kxg4 Rd8 42. Rg5 1-0

[Event "20th Voronezh Master Open"]
[Site "Voronezh RUS"]
[Date "2016.06.16"]
[Round "5.1"]
[White "Fedorov, Alexei"]
[Black "Gordievsky, Dmitry"]
[Result "1/2-1/2"]
[WhiteTitle "GM"]
[BlackTitle "IM"]
[WhiteElo "2565"]
[BlackElo "2523"]
[WhiteFideId "13500465"]
[BlackFideId "24112798"]
[EventDate "2016.06.12"]

1. e4 c5 2. Ne2 Nf6 3. Nbc3 d6 4. g3 Nc6 5. Bg2 g6 6. d4 cxd4 7. Nxd4 Nxd4 8.
Qxd4 Bg7 9. e5 Nd7 10. Qa4 O-O 11. exd6 exd6 12. O-O Nc5 13. Qa3 Bf5 14. Bf4 g5
15. Be3 Bxc2 16. Rac1 Bg6 17. Rcd1 Nd3 18. Rd2 Re8 19. Nb5 a6 20. Nxd6 Bf8 21.
Nxb7 Qf6 22. Qb3 Ne5 23. f4 gxf4 24. Rxf4 Qe7 25. Bf2 Rab8 26. Re2 Qc7 27. Qc3
Qxc3 28. bxc3 Nd3 29. Rxe8 Rxe8 30. Ra4 Re2 31. Bf1 Rxf2 32. Bxd3 Rb2 33. Bxg6
hxg6 34. Na5 Bc5+ 35. Kh1 Rb1+ 36. Kg2 Rb2+ 37. Kh1 Rb1+ 38. Kg2 Rb2+ 39. Kh1
Rb1+ 40. Kg2 Rb2+ 1/2-1/2

[Event "20th Voronezh Master Open"]
[Site "Voronezh RUS"]
[Date "2016.06.16"]
[Round "5.2"]
[White "Volkov, Sergey"]
[Black "Rozum, Ivan"]
[Result "1/2-1/2"]
[WhiteTitle "GM"]
[BlackTitle "GM"]
[WhiteElo "2604"]
[BlackElo "2560"]
[WhiteFideId "4122763"]
[BlackFideId "24104272"]
[EventDate "2016.06.12"]

1. d4 e6 2. e4 d5 3. Nc3 dxe4 4. Nxe4 Bd7 5. c4 Bc6 6. Nc3 Nf6 7. Be3 g6 8. Nf3
Bg7 9. Ne5 O-O 10. Qd2 Nfd7 11. f4 Nxe5 12. fxe5 Qh4+ 13. Bf2 Qh6 14. Be3 Qh4+
15. g3 Qe7 16. Rg1 f6 17. d5 Be8 18. exf6 Bxf6 19. Bg2 Na6 20. Ne4 Bg7 21. Bg5
Qb4 22. dxe6 h6 23. Qxb4 Nxb4 24. Be7 Nc2+ 25. Ke2 Nxa1 26. Bxf8 Kxf8 27. Rxa1
Ke7 28. Nc5 Rb8 29. Rd1 Bxb2 30. Nxb7 Be5 31. c5 Ba4 32. Rb1 c6 33. Ke3 Kxe6 34.
Be4 g5 35. Bd3 Kd7 36. Rf1 Re8 37. Rf7+ Re7 38. Bf5+ Ke8 39. Rxe7+ Kxe7 40. Na5
Bc7 41. Nb3 1/2-1/2

[Event "20th Voronezh Master Open"]
[Site "Voronezh RUS"]
[Date "2016.06.16"]
[Round "5.3"]
[White "Zakhartsov, Viacheslav V."]
[Black "Bocharov, Dmitry"]
[Result "1/2-1/2"]
[WhiteTitle "GM"]
[BlackTitle "GM"]
[WhiteElo "2531"]
[BlackElo "2602"]
[WhiteFideId "4115333"]
[BlackFideId "4138716"]
[EventDate "2016.06.12"]

1. d4 Nf6 2. c4 e6 3. Nc3 Bb4 4. e3 O-O 5. Ne2 Re8 6. a3 Bf8 7. Ng3 d5 8. Be2 b6
9. cxd5 exd5 10. O-O Bb7 11. b4 Nbd7 12. Qb3 c6 13. Bd2 g6 14. Bf3 h5 15. b5 h4
16. bxc6 Bxc6 17. Nge2 Ne4 18. Rfd1 Ndf6 19. Nf4 Nxc3 20. Qxc3 Rc8 21. Qb3 Qd7
22. a4 Bd6 23. Nd3 h3 24. g3 Qf5 25. Be2 Ne4 26. Bb4 Bb8 27. Rdc1 Bb7 28. Qd1
Ng5 29. Ne1 Rc4 30. Bd2 Ne4 31. Nd3 Ba6 32. Bg4 Qf6 33. Be1 Bc8 34. Be2 Bb7 35.
Bg4 Bc8 36. Be2 Bf5 37. Nb2 Rcc8 38. Rxc8 Rxc8 39. Rc1 Qd8 1/2-1/2

[Event "20th Voronezh Master Open"]
[Site "Voronezh RUS"]
[Date "2016.06.16"]
[Round "5.4"]
[White "Maletin, Pavel"]
[Black "Nozdrachev, Leonid"]
[Result "1/2-1/2"]
[WhiteTitle "GM"]
[BlackTitle "FM"]
[WhiteElo "2579"]
[BlackElo "2402"]
[WhiteFideId "4146786"]
[BlackFideId "24113433"]
[EventDate "2016.06.12"]

1. d4 d5 2. c4 c6 3. Nf3 Nf6 4. e3 Bf5 5. Nc3 e6 6. Nh4 Bg6 7. Nxg6 hxg6 8. Bd3
Nbd7 9. h3 Be7 10. O-O O-O 11. e4 dxe4 12. Nxe4 Nxe4 13. Bxe4 Nf6 14. Bf3 Qa5
15. Qb3 Qa6 16. Re1 Rfd8 17. Be3 Rd7 18. Qc3 Rc8 19. Rec1 c5 20. dxc5 Bxc5 21.
Bxc5 Rxc5 22. b4 Rc8 23. a4 Qd6 24. Rd1 Qc7 25. Rxd7 Nxd7 26. c5 a5 27. Rc1 axb4
28. Qxb4 b6 29. c6 Ne5 30. Qb3 Nxf3+ 31. Qxf3 Qd6 32. Qe4 e5 33. Qc4 Rc7 34. Qb5
Qd2 35. Rc4 Qe2 36. Qd5 Rc8 37. c7 g5 38. Qd8+ Kh7 39. Qxc8 Qxc4 40. Qf5+ g6 41.
c8=Q 1/2-1/2

[Event "20th Voronezh Master Open"]
[Site "Voronezh RUS"]
[Date "2016.06.16"]
[Round "5.5"]
[White "Ponkratov, Pavel"]
[Black "Chekhov, Sergei"]
[Result "1/2-1/2"]
[WhiteTitle "GM"]
[BlackTitle "IM"]
[WhiteElo "2573"]
[BlackElo "2458"]
[WhiteFideId "4157800"]
[BlackFideId "4195639"]
[EventDate "2016.06.12"]

1. e4 e6 2. d4 d5 3. e5 c5 4. c3 Ne7 5. Nf3 Nec6 6. Bd3 Be7 7. O-O b6 8. Qe2 a5
9. a4 Ba6 10. Bb5 O-O 11. Be3 Qc8 12. h4 Qb7 13. h5 Rc8 14. Ne1 Bxb5 15. axb5
Na7 16. Na3 c4 17. Qg4 Qd7 18. f4 Bxa3 19. Rxa3 Nxb5 20. Ra1 Nc6 21. Nf3 Ne7 22.
Bd2 a4 23. h6 g6 24. Qg5 Qd8 25. Qh4 Nf5 26. Qh3 Qf8 27. g4 Qxh6 28. Qg2 Kf8 29.
gxf5 gxf5 30. Kf2 Ke7 31. Rh1 Qg6 32. Qh2 h5 33. Rag1 Qh6 34. Qh4+ Kd7 35. Ng5
Rf8 36. Qxh5 Qxh5 37. Rxh5 a3 38. bxa3 Rxa3 39. Rh7 Nxc3 40. Bxc3 Rxc3 41. Ra1
Rc2+ 42. Kf1 Rd2 43. Nxf7 Kc6 44. Ng5 Rg8 45. Rh6 Rxd4 46. Nxe6 Rd2 47. Rc1 Rg3
48. Ng5+ Kc5 49. e6 Rd4 50. e7 Rxf4+ 51. Ke2 Rxg5 52. Rc6+ Kd4 53. Rd1+ Kc3 54.
Re6 Rg2+ 55. Ke3 Rgf2 56. Rc1+ Kb2 57. Rxc4 R2f3+ 1/2-1/2

[Event "20th Voronezh Master Open"]
[Site "Voronezh RUS"]
[Date "2016.06.16"]
[Round "5.6"]
[White "Hayrapetyan, Hovik"]
[Black "Kharitonov, Alexandr"]
[Result "1/2-1/2"]
[WhiteTitle "GM"]
[BlackTitle "GM"]
[WhiteElo "2477"]
[BlackElo "2571"]
[WhiteFideId "13302639"]
[BlackFideId "4135202"]
[EventDate "2016.06.12"]

1. d4 Nf6 2. c4 e6 3. Nf3 Bb4+ 4. Bd2 Qe7 5. g3 Bxd2+ 6. Qxd2 Nc6 7. Nc3 d5 8.
Ne5 dxc4 9. Nxc6 bxc6 10. Bg2 O-O 11. Bxc6 Rb8 12. O-O Rd8 13. Rfd1 Qd6 14. Bf3
c5 15. d5 exd5 16. Nxd5 Nxd5 17. Qxd5 Qxd5 18. Bxd5 Be6 19. Bxe6 fxe6 20. Rxd8+
Rxd8 21. Rc1 Rd2 22. Rxc4 Rxb2 23. Rxc5 Rxa2 24. Rc7 Rxe2 25. Rxa7 Kf8 26. Rb7
Ra2 27. Rc7 Rb2 28. Rc8+ Kf7 29. Rc7+ Kf8 30. Rc8+ Kf7 31. Rc7+ 1/2-1/2

[Event "20th Voronezh Master Open"]
[Site "Voronezh RUS"]
[Date "2016.06.16"]
[Round "5.7"]
[White "Rychagov, Andrey"]
[Black "Matinian, Nikita"]
[Result "0-1"]
[WhiteTitle "GM"]
[BlackTitle "IM"]
[WhiteElo "2556"]
[BlackElo "2465"]
[WhiteFideId "4119932"]
[BlackFideId "24129100"]
[EventDate "2016.06.12"]

1. d4 Nf6 2. c4 g6 3. g3 c6 4. Nf3 d5 5. Qa4 Nfd7 6. cxd5 Nb6 7. Qd1 cxd5 8. Nc3
Bg7 9. Bf4 O-O 10. Bg2 Nc6 11. O-O Bf5 12. Ne5 Rc8 13. Rc1 h6 14. b3 g5 15. Nxc6
Rxc6 16. Be3 Qd7 17. Qd2 Bh3 18. a4 Bxg2 19. Kxg2 f5 20. f3 Na8 21. Na2 Nc7 22.
Qa5 Ne6 23. Nb4 Rb6 24. Rfd1 Rd8 25. Bf2 g4 26. Rd3 h5 27. Kf1 f4 28. Kg2 gxf3+
29. exf3 Ng5 30. Rc5 Qh3+ 31. Kg1 fxg3 32. hxg3 Bxd4 33. Bxd4 Qxg3+ 34. Kf1 Nxf3
35. Nxd5 Qh3+ 36. Kf2 Qh2+ 37. Kf1 Nxd4 38. Nxe7+ Kf7 39. Rf5+ Nxf5 0-1

[Event "20th Voronezh Master Open"]
[Site "Voronezh RUS"]
[Date "2016.06.16"]
[Round "5.8"]
[White "Burmakin, Vladimir"]
[Black "Domogaev, Sergey"]
[Result "1-0"]
[WhiteTitle "GM"]
[BlackTitle "GM"]
[WhiteElo "2543"]
[BlackElo "2419"]
[WhiteFideId "4105109"]
[BlackFideId "24103608"]
[EventDate "2016.06.12"]

1. Nf3 Nf6 2. g3 g6 3. Bg2 Bg7 4. O-O O-O 5. c4 c6 6. b3 d5 7. Bb2 Bg4 8. h3
Bxf3 9. Bxf3 Re8 10. Bg2 e5 11. d3 a5 12. Qc2 Na6 13. a3 Qb6 14. Nd2 d4 15. Rab1
Qc7 16. Bc1 Qe7 17. Re1 Nc5 18. b4 axb4 19. axb4 Na4 20. Bb2 Qxb4 21. Bxd4 Qe7
22. Be3 Reb8 23. Nb3 Nd7 24. c5 e4 25. d4 f5 26. Bd2 Rc8 27. e3 b5 28. cxb6
Naxb6 29. Rec1 Kh8 30. Bf1 Nd5 31. Na5 c5 32. Nb3 Bf8 33. Nxc5 Nxc5 34. dxc5
Rxc5 35. Qxc5 Qxc5 36. Rxc5 Bxc5 37. Bc4 Nf6 38. Bc3 Rf8 39. Rb7 h5 40. h4 Bd6
41. Kf1 Bc5 42. Ke2 Bd6 43. Kd1 Bc5 44. Kc2 Bd6 45. Kb3 Bc5 46. Be5 1-0

[Event "20th Voronezh Master Open"]
[Site "Voronezh RUS"]
[Date "2016.06.16"]
[Round "5.9"]
[White "Gavrilov, Alexei1"]
[Black "Chigaev, Maksim"]
[Result "1/2-1/2"]
[WhiteTitle "GM"]
[BlackTitle "IM"]
[WhiteElo "2466"]
[BlackElo "2542"]
[WhiteFideId "4104358"]
[BlackFideId "4108116"]
[EventDate "2016.06.12"]

1. d4 Nf6 2. c4 c5 3. d5 g6 4. Nc3 Bg7 5. e4 d6 6. Bd3 O-O 7. h3 e6 8. Nf3 exd5
9. exd5 Re8+ 10. Be3 Rxe3+ 11. fxe3 Nfd7 12. O-O Ne5 13. Nxe5 Bxe5 14. Qf3 Qe7
15. Rf2 Nd7 16. Be2 Bg7 17. Raf1 Ne5 18. Qf4 Bd7 19. Ne4 f5 20. Qg5 Qf8 21. Qh4
Nf7 22. Nf6+ Bxf6 23. Qxf6 Re8 24. g4 Rxe3 25. gxf5 Bxf5 26. Rxf5 gxf5 27. Kf2
f4 28. Qxf4 Re5 29. h4 Nh8 30. Qxf8+ Kxf8 31. Bg4 Re4 32. Kg3+ Kg7 33. Rf4 Rxf4
34. Kxf4 Kf6 35. Bh5 Ng6+ 36. Bxg6 Kxg6 37. Kg4 h5+ 38. Kf4 Kf6 39. Ke4 Kg6 40.
Kf4 Kf6 41. Ke4 1/2-1/2